Movies in Common Quiz Stats

Quiz Updated Jun 11, 2018

Challenge
Share
Tweet
Embed
Score 0/39 Timer 05:00
8 Plays Today
% Correct
Shawshank Redemption
88.2%
The Silence of the Lambs
87.4%
True Grit
86.8%
The Good, the Bad and the Ugly
86.8%
It's a Wonderful Life
86.5%
Home Alone
85.9%
Moulin Rouge!
84%
The Birds
83.7%
Platoon
81.8%
Elf
81.6%
Artificial Intelligence
77.1%
The Wizard of Oz
77.1%
Vertigo
75.8%
Charlie and the Chocolate Factory
75.4%
Cabaret
75.3%
Born on the Fourth of July
72.3%
Apocalypse Now
71.4%
Matilda
71.4%
Open Range
71.4%
Seven
69.7%
% Correct
Forbidden Planet
69.6%
Fantastic Mr. Fox
67.3%
North by Northwest
65.5%
Gigli
61.9%
Point Break
61.5%
Heat
60.9%
The Longest Yard
59.7%
Monster
58.2%
Public Enemies
57.9%
Volver
56.6%
Lust, Caution
56.4%
Orgazmo
55.1%
Pan's Labyrinth
50.9%
Children of Men
50.1%
Freddie Got Fingered
47.6%
Papillon
45.6%
The Motorcycle Diaries
34.6%
Bad Lieutenant
32.6%
Swept Away
29.6%

You're not logged in!

Compare scores with friends on all Sporcle quizzes.
Join for Free
OR
Log In

You Might Also Like...

Show Comments

Extras

Top Quizzes Today


Score Distribution

Your Account Isn't Verified!

In order to create a playlist on Sporcle, you need to verify the email address you used during registration. Go to your Sporcle Settings to finish the process.

Report this User

Report this user for behavior that violates our Community Guidelines.

Details: